000 00357nam a2200169Ia 4500
003 0STCL
008 150530s9999 xx 000 0 und d
040 _aSTCL
_cSTCL
100 _aThiroor
245 _aDesert
260 _bKiran; Thrissur
_c1987
300 _a0
546 _aMalayalam
942 _2ddc
_cBK
999 _c48934
_d48934
005 20220125170754.0